| 000 | 00432nam a2200169Ia 4500 | ||
|---|---|---|---|
| 008 | 220204s9999 xx 000 0 und d | ||
| 082 |
_a581.5 _bECO |
||
| 245 | 0 | _aArid zone irrigation | |
| 260 |
_aNew York _bSpringer Verlag _c1973 |
||
| 490 | _aEcological studies 5 | ||
| 650 | _aArid zone environment | ||
| 650 | _aCrop water deficits | ||
| 650 | _aSalinity | ||
| 650 | _aWater resources | ||
| 700 | _aYARON, B | ||
| 942 | _cBK | ||
| 999 |
_c26533 _d26533 |
||